000 00538nam a2200193Ia 4500
005 20250508162741.0
008 008 250505s9999 xx 000 0 eng d
037 _aTextual
040 _aFEDL
_beng
_cFEDL
041 _aeng
_2eng
084 _a370.954, COL
_qFEDL
100 _aColeman James S.
245 0 _aEquality and achievement in education
260 _aBoulder, USA
_bSentient Publications
_c1990
300 _axi,340p.
650 _aEducation
942 _cTEXL
_h370.954, COL
999 _c1378484
_d1378484